| 000 | 01067cam a22003137a 4500 | ||
|---|---|---|---|
| 003 | CHAP | ||
| 005 | 20220329134039.0 | ||
| 008 | 971013s1964 r 00010 d | ||
| 010 | _a14609 | ||
| 011 | _a15581 | ||
| 035 | _a19657 | ||
| 040 | _cCHAP | ||
| 090 | _aTesis | ||
| 100 | 0 | 0 |
_aHernández Ramos, Oscar. _954514 |
| 245 | 0 | _aEstudio para la ampliación del ingenio Teretan de 1,200 tons. de caña en 24 hrs. | |
| 260 |
_aChapingo, Méx. : _bEl Autor, _c1964 |
||
| 300 |
_aPág. varía _b: mapas ; planos |
||
| 502 | _aTesis (Ing. Agr. Esp. en Industrias) -- ENA. Departamento de Industrias Agrícolas | ||
| 590 |
_aALEPH _b10 _c20130110 _lUCH01 _h1236 |
||
| 590 |
_aBATCH-UPD _b10 _c20130110 _lUCH01 _h0028 |
||
| 590 |
_aBATCH-UPD _b10 _c20130409 _lUCH01 _h2010 |
||
| 590 |
_aBATCH-UPD _b10 _c20130914 _lUCH01 _h0509 |
||
| 590 |
_aCONVERSION _b10 _c20130109 _lUCH01 _h1309 |
||
| 650 | 1 | 4 |
_aAzúcar _xFabricación y refinación. _99152 |
| 901 | _aBK | ||
| 942 | _cFOLL | ||
| 949 |
_bBC _cTES _d-45846 _eTS1 _i19657 _si |
||
| 949 |
_bBC _cTES _d-45847 _eTS2 _fc.2 _i19657 _si |
||
| 999 |
_c14609 _d14609 |
||